000 00994nam a2200301 a 4500
001 0044283
003 DO-SdBNP
005 20180326140835.0
007 0044283
008 140612s 2013 dr a 000 0 spa d
020 _a9789945172133
040 _aBPMSU
_bspa
_cBPMSU
082 _aRD863.5
_bP426d
100 1 _aPeralta Romero, Rafael
245 1 0 _aDe cómo Uto Pía encontró a Tarzan /
_cRafael Peralta Romero ; ilustraciones Monserrat Ubach Figueras.
260 _aSanto Domingo :
_bSM,
_c2013.
300 _a102 p. :
_bil. ;
_c19 cm.
490 1 _aEl barco de vapor
_v7
500 _aIncluye datos biográficos del autor en la contracubierta
586 _aEl barco de Vapor, 2009
650 _aCUENTOS INFANTILES DOMINICANO
651 _aLITERATURA INFANTIL DOMINICANA
700 _4Ubach Figueras, Montserrat,
_eil.
830 0 _aEl barco de vapor
_v7
942 _2ddc
_cBK
945 _aRemanejado para la BNPHU / 2018 VM
956 _aVMATEO
_b10
_c20161110
_lBPMSU
_h0069
999 _c7193
_d7193